Public Economics

Tallennettuna:
Bibliografiset tiedot
Päätekijä: Raghbendra Jha
Aineistotyyppi: Kirja
Julkaistu: Routledge
Aiheet:
Tagit: Lisää tagi
Ei tageja, Lisää ensimmäinen tagi!

MARC

LEADER 00000nam a2200000Ia 4500
005 20260427112701.0
526 |b Economics 
100 |a Raghbendra Jha 
020 |a 9780415143158 
650 |a Public Economics 
526 |a Bachelors 
942 |c BK 
245 |a Public Economics 
260 |b Routledge 
999 |c 58  |d 58 
952 |0 0  |1 0  |4 0  |7 0  |8 1  |a BRISTOL  |b BRISTOL  |d 2026-04-22  |l 0  |p 000012  |r 2026-04-27 11:27:01  |w 2026-04-27  |y BK